000 00865nam a2200253 i 4500
001 000033401
003 DO-SdBNP
005 20240927073748.0
007 ta
008 110826s1957 dr 000 0 spa d
040 _aDO-SdBNP
_bspa
_cBNPHU
_erda
082 _aRD865.44
_bB171di
_222
100 1 _a Balaguer, Joaquín,
_d1906-2002
_eautor
_976556
245 1 0 _aDiscursos panegíricos, política y educación, política internacional /
_cJoaquín Balaguer.
264 _aMadrid :
_bEdiciones Acies,
_c1957.
300 _a274 paginas ;
_c22 cm.
336 _2rdacontent
_atexto
_btxt
337 _2rdamedia
_asin mediación
_bn
338 _2rdacarrier
_avolumen
_bnc
590 _aInventariado, 2018/LP
651 4 _aRepública Dominicana
_xHistoria
_vENSAYOS, CONFERENCIAS, ETC.
_xDiscursos
_958967
910 _aValidado. Control de calidad MFF
942 _2ddc
_cLBS1
999 _c32892
_d32892